Responses for show #5266 - Monday, July 2, 2007

Cathy Lanctot game 5.

Contestants

Jessica Eyde, an interior decorator originally from Fort Worth, Texas

Wilson Rickerson, a renewable energy consultant originally from Falls Church, Virginia

Cathy Lanctot, a law professor from Wilmington, Delaware (whose 4-day cash winnings total $91,301)

Jeopardy! Round responses

COUNTRY TIME
CELEBRITY AUTHORS
NATURE
MUSCLE CARS
(Alex: That brings back memories.)
WELCOME TO MY POLITICAL PARTY
IT'S IN THE "BAG"
    $200 7
Cuba

Jessica
    $200 1
William Shatner

Wilson
    $200 6
sweat glands

Jessica
    $200 26
bat

Jessica
    $200 13
(Wilson: What is a Democrat?)

a Republican

WilsonJessica
    $200 18
Baggins

Jessica
    $400 8
Denmark

Cathy
    $400 2
Julie Andrews

Cathy
    $400 12
wading birds

Cathy
    $400 27
Dodge

Cathy
    $400 14
a Democrat

Jessica
    $400 19
Baghdad

Wilson
    $600 9
(Wilson: What is Cyprus?)

(Alex: What is [*]? The boot, the boot!)

Italy

Wilson
Triple Stumper
    $600 3
Queen Latifah

Jessica
    $600 23
(Alex: You know it better as [*].)

chaparral

Triple Stumper
    $600 28
(Jessica: What are pistons?)
(Wilson: What are cylinders?)

carburetors

WilsonJessica
Triple Stumper
    $600 15
a Dixiecrat

Cathy
    $600 20
a bagman

Cathy
    $800 10
Panama

Cathy
    $800 4
Martina Navratilova

Wilson
    $800 24
(Alex: And that would be the itty-bitty [*].)

seahorse

Triple Stumper
    $800 29
Jaguar

Jessica
    $800 16
Whigs

Cathy
    $800 21
bagpipes

Cathy
    $1000 11
Rwanda & Burundi

Wilson
    $1000 5
Hugh Laurie

Wilson
    $1000 25
boatman

Cathy
    $1000 30
(Alex: His name is [*], the man who came up the Cobra.)

Carroll Shelby

Triple Stumper
    $1000 17
the Reform Party

Cathy
    $1000 22
baggage handler

Jessica

Scores at the first commercial break (after clue 15):

Cathy Wilson Jessica
$2,600 $2,200 $1,600

Scores at the end of the Jeopardy! Round:

Cathy Wilson Jessica
$7,200 $2,000 $3,200

Double Jeopardy! Round responses

(Alex: Today we have a theme board in terms of our categories. Let's see if I can read these properly...)
IT WAS 40 YEARS AGO TODAY
THEY'VE BEEN GOING IN & OUT OF STYLE
BUT THEY'RE GUARANTEED TO RAISE A SMILE
SO MAY I INTRODUCE TO YOU
THE "ACT" YOU'VE KNOWN FOR ALL THESE YEARS
SGT. PEPPER'S LONELY HEARTS CLUB BAND
    $400 8
the Monkees

Jessica
    $400 18
pearls

Wilson
    $400 26
Mark Twain

Cathy
    $400 7
a fax machine

Jessica
    $400 1
satisfaction

Cathy
    $400 2
Rita

Cathy
    $800 9
the Vietnam War

Jessica
    $800 19
leggings

Jessica
    $800 27
Hermione

Wilson
    $2,400 13
(Alex: [*], yes indeed. Easy one for ya. Softball.)

Michelin

Cathy
    $800 17
distract

Cathy
    $800 3
(Cathy: Who is Dylan?)
(Wilson: Who is Joe Cocker?)

Ringo Starr

CathyWilson
Triple Stumper
    $1200 10
races

Jessica
    $1200 20
an afro

Wilson
    $1200 28
(Alex: [suppresses a chuckle while reading clue] He's been watching me.)

Dave Barry

Wilson
    $1200 14
contact lenses

Cathy
    $1200 23
lactose

Wilson
    $1200 4
"When I'm Sixty-Four"

Cathy
    $1600 11
Moshe Dayan

Triple Stumper
    $1600 21
spectators

Jessica
    $7,600 29
(Wilson: Who is Erma Bombeck?)

Bridget Jones

Wilson
    $1600 15
an adding machine

Cathy
    $1600 24
the exacta

Cathy
    $1600 5
"Lucy In The Sky With Diamonds"

Wilson
    $2000 12
(Gus) Grissom

Cathy
    $2000 22
jodhpurs

Jessica
    $2000 30
Erma Bombeck

Cathy
    $2000 16
mammography machines

Jessica
    $2000 25
an actuary

Cathy
    $2000 6
"A Day In The Life"

Cathy

Scores at the end of the Double Jeopardy! Round:

Cathy Wilson Jessica
$24,400 $0 $12,400

[wagering suggestions for these scores]

Final Jeopardy! Round responses

AFI's TOP MOVIE QUOTES
(Alex: Budd Schulberg, who wrote the movie, asked O'Donoghue--O'Donoghue [sic] if he could've been champion, and this was the fighter's response.)
...
(Alex: [Revealing Jessica's response] What is [*]? You're absolutely right. "Coulda had class.")
JessicaWhat is "I could've been a contender"?
$12,400
CathyWHAT is I could have been a contender?
$401
"I coulda been a contender"

Final scores:

Cathy Wilson Jessica
$24,801 $0 $24,800
5-day champion: $116,102 3rd place: $1,000 2nd place: $2,000

Game dynamics:

Coryat scores:

Cathy Wilson Jessica
$22,800 $7,600 $12,400
24 R
(including 2 DDs),
1 W
11 R,
5 W
(including 1 DD)
17 R,
1 W

Combined Coryat: $42,800

The J! Archive is created by fans, for fans. The Jeopardy! game show and all elements thereof, including but not limited to copyright and trademark thereto, are the property of Jeopardy Productions, Inc. and are protected under law. This website is not affiliated with, sponsored by, or operated by Jeopardy Productions, Inc.